Economics

Salvato in:
Dettagli Bibliografici
Autore principale: Samuelson, Paul A.
Altri autori: Nordhaus, William D.
Natura: Libro
Lingua:inglese
Pubblicazione: New York McGraw-Hill, Inc. 1992
Edizione:14. ed.
Soggetti:
Tags: Aggiungi Tag
Nessun Tag, puoi essere il primo ad aggiungerne!!

MARC

LEADER 00000nam a2200000 4500
001 c124174
005 20221123101613.4
020 |a 0-07-054879-X 
041 0 |a eng 
044 |a US 
245 1 0 |a Economics  |c Paul A. Samuelson, William D. Nordhaus 
250 |a 14. ed. 
264 1 |a New York  |b McGraw-Hill, Inc.  |c 1992 
300 |a 784 s. 
610 2 0 |a ekonómia 
610 2 0 |a mikroekonomika 
610 2 0 |a trh 
610 2 0 |a makroekonomika 
610 2 0 |a rast hospodársky 
610 2 0 |a politika hospodárska 
610 2 0 |a obchod medzinárodný 
610 2 0 |a hospodárstvo svetové 
100 1 |a Samuelson, Paul A. 
700 1 |a Nordhaus, William D.